Реализация метода марширующих квадратов на языке С#; Технологии Microsoft в теории и практике программирования

Detaylı Bibliyografya
Parent link:Технологии Microsoft в теории и практике программирования.— 2016.— [С. 167-169]
Yazar: Русакович Н. А.
Müşterek Yazar: Национальный исследовательский Томский политехнический университет (ТПУ) Институт кибернетики (ИК) Кафедра информатики и проектирования систем (ИПС)
Diğer Yazarlar: Дёмин А. Ю. Антон Юрьевич (научный руководитель)
Özet:Заглавие с титульного экрана
Dil:Rusça
Baskı/Yayın Bilgisi: 2016
Seri Bilgileri:Информационно-телекоммуникационные технологии. Информационная безопасность
Konular:
Online Erişim:http://earchive.tpu.ru/handle/11683/33264
Materyal Türü: Elektronik Kitap Bölümü
KOHA link:https://koha.lib.tpu.ru/cgi-bin/koha/opac-detail.pl?biblionumber=620930

MARC

LEADER 00000naa2a2200000 4500
001 620930
005 20231220160543.0
035 |a (RuTPU)RU\TPU\conf\19463 
035 |a RU\TPU\conf\19462 
090 |a 620930 
100 |a 20161021d2016 k y0rusy50 ca 
101 0 |a rus 
102 |a RU 
105 |a y z 101zy 
135 |a drcn ---uucaa 
181 0 |a i  
182 0 |a b 
200 1 |a Реализация метода марширующих квадратов на языке С#  |f Н. А. Русакович, А. Ю. Дёмин  |g науч. рук. А. Ю. Дёмин 
203 |a Текст  |c электронный 
225 1 |a Информационно-телекоммуникационные технологии. Информационная безопасность 
300 |a Заглавие с титульного экрана 
320 |a [Библиогр.: с. 169 (4 назв.)] 
463 1 |0 (RuTPU)RU\TPU\conf\12653  |t Технологии Microsoft в теории и практике программирования  |o сборник трудов XIII Всероссийской научно-практической конференции студентов, аспирантов и молодых ученых, г.Томск, 22-23 марта 2016 г.  |f Национальный исследовательский Томский политехнический университет (ТПУ), Институт кибернетики ; ред. кол. А. В. Лиепиньш [и др.]  |v [С. 167-169]  |d 2016 
610 1 |a труды учёных ТПУ 
610 1 |a электронные ресурсы 
610 1 |a теория графов 
610 1 |a графические изображения 
610 1 |a Visual Studio 
610 1 |a Paint 
610 1 |a комбинаторные задачи 
700 1 |a Русакович  |b Н. А. 
701 1 |a Дёмин  |b А. Ю.  |c специалист в области информатики и вычислительной техники  |c доцент Томского политехнического университета, кандидат технических наук  |f 1973-  |g Антон Юрьевич  |3 (RuTPU)RU\TPU\pers\25389  |9 11332 
702 1 |a Дёмин  |b А. Ю.  |c специалист в области информатики и вычислительной техники  |c доцент Томского политехнического университета, кандидат технических наук  |f 1973-  |g Антон Юрьевич  |4 727 
712 0 2 |a Национальный исследовательский Томский политехнический университет (ТПУ)  |b Институт кибернетики (ИК)  |b Кафедра информатики и проектирования систем (ИПС)  |3 (RuTPU)RU\TPU\col\18697 
801 2 |a RU  |b 63413507  |c 20161028  |g RCR 
856 4 |u http://earchive.tpu.ru/handle/11683/33264 
942 |c BK